000 00729nam a22002177a 4500
003 UA-OsUOA
001 49553
007 ta
008 20071010b un ||||| |||| 00| 0 ukr d
100 _aГоловне управління статистики у Рівненській області
090 _a908
_bГ-12
942 _cSA
040 _aUA-OsUOA
_bukr
_cUA-OsUOA
_dUA-OsUOA
245 _aСоціально-економічне становище Рівненської області за січень-серпень 2007 року
300 _aС.7
955 _a0
041 _aukr
080 _a908
773 0 _w49552
_tВільне слово
_dРівне
_d2007
_g77
650 7 _a908 Краєзнавство
_2UDC
999 _c335654
_d335654